1er Congreso Internacional de Didácticas Específicas: Debates sobre las relaciones entre la didácticas específicas y la producción de materias curriculares: resúmenes
Tallennettuna:
| Päätekijä: | |
|---|---|
| Aineistotyyppi: | Kirja |
| Kieli: | espanja |
| Julkaistu: |
Buenos Aires
UNSAM
2008
|
| Painos: | 1a. ed |
| Sarja: | Institucional
|
| Aiheet: | |
| Tagit: |
Lisää tagi
Ei tageja, Lisää ensimmäinen tagi!
|
MARC
| LEADER | 00000nam a2200000 a 4500 | ||
|---|---|---|---|
| 001 | UCI9792 | ||
| 003 | CL-VaPUC | ||
| 005 | 20220315074420.0 | ||
| 008 | 081212e20080000ag 1 spa d | ||
| 020 | |a 9789872325954 | ||
| 082 | 0 | 4 | |a 371.1 |b FIO |2 21 |
| 100 | 1 | |a Fioriti, Gema |e author |9 621306 | |
| 245 | 1 | 0 | |a 1er Congreso Internacional de Didácticas Específicas: Debates sobre las relaciones entre la didácticas específicas y la producción de materias curriculares: resúmenes |
| 250 | |a 1a. ed | ||
| 260 | |a Buenos Aires |b UNSAM |c 2008 | ||
| 300 | |a 110 p | ||
| 490 | 0 | |a Institucional | |
| 583 | |a last modification |c 20190828 11:16:45 |k Rodrigo Vera | ||
| 650 | 0 | 0 | |a Formación profesional de profesores |9 307493 |
| 650 | 0 | 0 | |a Congresos |9 257560 |
| 942 | |c BK | ||
| 945 | |a rbrito |d 20081212 00:00:00 | ||
| 546 | |a En Español | ||
| 536 | |a Universidad Nacional de San Martin | ||
| 518 | |p Congreso Internacional de Didácticas Específicas, 1, Buenos Aires, junio 18-20 2008 | ||
| 999 | |c 384403 |d 384401 | ||
| 952 | |0 0 |1 0 |4 0 |6 371_100000000000000_FIO_2008 |7 0 |8 A |9 507101 |a BIBHIS |b BIBHIS |d 2020-01-23 |i 4504992 |o 371.1 FIO 2008 |p 4504992 |r 2025-01-20 |w 2020-01-23 |y BK |k HIS | ||